Xavier Woods's WrestleMania Opponents - Statistics

General Stats
  • This quiz has been taken 13 times
    12 since last reset
  • The average score is 16 of 19
Answer Stats
WrestleMania Opponent % Correct
WrestleMania XL Austin Theory
90%
WrestleMania XL Damian Priest
90%
WrestleMania 41 Erik
90%
WrestleMania XL Finn Bálor
90%
WrestleMania XL Grayson Waller
90%
WrestleMania 41 Ivar
90%
WrestleMania 37 AJ Styles
80%
WrestleMania 32 Alberto Del Rio
80%
WrestleMania XL Johnny Gargano
80%
WrestleMania 37 Omos
80%
WrestleMania 38 Ridge Holland
80%
WrestleMania XL R-Truth
80%
WrestleMania 32 Rusev
80%
WrestleMania 32 Sheamus
80%
WrestleMania 38 Sheamus
80%
WrestleMania XL The Miz
80%
WrestleMania XL Tommaso Ciampa
80%
WrestleMania XL Pete Dunne
70%
WrestleMania XL Tyler Bate
70%
No matching quizzes found
Score Distribution
Percent of People with Each Score
Percentile by Number Answered
Your Score History
You have not taken this quiz since the last reset